Russian-English aerospace dictionary /

Bibliographic Details
Other Authors: Darcy, H. L. (Harry L.)
Format: Book
Language:English
Russian
Published: Berlin : Walter de Gruyter, 1965.
Subjects:

MARC

Tag First Indicator Second Indicator Subfields
LEADER 00000cam a2200000 i 4500
001 in00000094634
005 20150927110519.0
008 771209s1965 xx 00000 eng d
010 |a  65073606  
035 |a (OCoLC)03476096 
035 |9 AAL6505AM 
040 |a CLE  |c CLE  |d TXA  |d UtOrBLW 
041 0 |a eng  |a rus 
049 |a TXAF  |c [1201212] 
050 0 0 |a TL509  |b .R83 
245 0 0 |a Russian-English aerospace dictionary /  |c edited by Harry L. Darcy ; in collaboration with Peter E. Ballerstedt [and others]. 
264 1 |a Berlin :  |b Walter de Gruyter,  |c 1965. 
300 |a xvi, 407 pages ;  |c 21 cm. 
336 |a text  |b txt  |2 rdacontent 
337 |a unmediated  |b n  |2 rdamedia 
338 |a volume  |b nc  |2 rdacarrier 
650 0 |a Aeronautics  |v Dictionaries  |x Russian. 
650 0 |a Astronautics  |v Dictionaries  |x Russian. 
650 0 |a Russian language  |v Dictionaries  |x English. 
700 1 |a Darcy, H. L.  |q (Harry L.) 
999 |a MARS 
999 f f |s 73c5fa62-746c-3ae5-ae80-399aeedc7424  |i 58f8ed24-7c8e-30ec-bd7e-3ce1c39b1f2d  |t 0 
952 f f |p ric  |a Texas A&M University  |b Rellis Campus  |c Joint Library Facility  |d Remote Storage  |t 0  |e TL509 .R83  |h Library of Congress classification  |i unmediated -- volume  |m A14805902351 
998 f f |a TL509 .R83  |t 0  |l Remote Storage